000 00565nam a2200157Ia 4500
005 20250923145116.0
008 008 250917s9999 xx 000 0 eng d
037 _aTextual
040 _aDSWL
_beng
_cDSWL
041 _aeng
_2eng
084 _aYX-ZIP4.N66, N67;2
_qDSWL
245 0 _aChildren and youth in mental planning and development in Asia , Vol-I politics
_cby United Nations Chidrens Fund,N.Y.
260 _aNew York
_b United Nations Chidrens Fund
_c1967
942 _cTEXL
_hYX-ZIP4.N66, N67;2
999 _c1447214
_d1447214